000 00629nam a22002417a 4500
003 UA-OsUOA
001 96151
007 ta
008 20130318b un ||||| |||| 00| 0 ukr d
100 _aВук Стеф. Карацик
090 _a821.164.41
_bК21
942 _cBK
040 _aUA-OsUOA
_brus
_cUA-OsUOA
_dUA-OsUOA
245 _aСрпске народне пjесме
300 _a831 с.
955 _a3
041 _arus
080 _a821.164.41
260 _bПросвета
_c1958
246 3 1 _aКн 2
_n
650 7 _a82 Література. Літературознавство
_2UDC
999 _c382397
_d382397